000 01131nam a2200265Ia 4500
003 OSt
005 20220923210936.0
006 a|||||r|||| 00| 0
007 ta
008 220922b |||||||| |||| 00| 0 hin d
020 _a8121406625 (hbk)
_c500
024 _a289,917
037 _b382, 12/03/2016, Eastern Book Linkers
_cTextual
040 _aARTS
_cARTS
_bhin
041 _2hin
_ahin
082 _aO152,1I83x, Q1
100 _aउपाध्याय, श्रीकांत, संपा.
_9156437
245 0 _aबिनु गुपाल बैरिनि भई कुंजैं
_b सूर के उत्कृष्ट पद
246 _aBinu gupāl bairini bhaī kuanjaian: sūr ke utkṛuṣhṭa pada
260 _aनयी दिल्ली
_b नेशनल पब्लिशिंग हाउस
_c2011
300 _a364पृ.
_ccm.
650 _aहिन्दी साहित्य
_9156264
942 _hO152,1I83x, Q1
_cTEXL
_2CC
999 _c293093
_d293093